[Event "EOBCC 2020"]
[Site "Online"]
[Date "2020.12.18"]
[Round "8.130"]
[White "Wikar, Martyna"]
[Black "Wolagiewicz, Kinga"]
[Result "1-0"]
[WhiteElo "2171"]
[BlackElo "1791"]
[Annotator "NA"]
[PlyCount "85"]
[EventDate "2020.12.18"]
[EventType "tourn"]
[EventCountry "NET"]
[SourceTitle "playchess.com"]
[Source "ChessBase"]
[SourceQuality "1"]

1. e4 c6 2. d4 d5 3. Nc3 dxe4 4. Nxe4 Nf6 5. Ng5 Bf5 6. Bc4 e6 7. Ne2 Bd6 8. O-O O-O 9. Ng3 Bg6 10. c3 Nbd7 11. Qe2 Nb6 12. Bb3 Nbd5 13. Nf3 Re8 14. Ne5 Qc7 15. f4 c5 16. Bd2 cxd4 17. cxd4 Qb6 18. Bc3 Rac8 19. Rac1 Nxc3 20. bxc3 Ba3 21. Rcd1 Bd6 22. Nxg6 hxg6 23. Qf3 Qc7 24. Ne2 b6 25. Kh1 Qd7 26. c4 Bf8 27. Ng3 Qc7 28. Ne4 Nxe4 29. Qxe4 Red8 30. d5 exd5 31. cxd5 Qc5 32. d6 Rxd6 33. Rxd6 Qxd6 34. f5 gxf5 35. Qxf5 Rc7 36. Bxf7+ Kh8 37. Bb3 Qh6 38. Qxf8+ Kh7 39. Qg8+ Kg6 40. Qe8+ Kh7 41. Bg8+ Kh8 42. Bf7+ Kh7 43. Qg8# 1-0

[Event "EOBCC 2020"]
[Site "Online"]
[Date "2020.12.18"]
[Round "8.131"]
[White "Klim, Filip"]
[Black "Dylag, Emilia"]
[Result "0-1"]
[WhiteElo "1897"]
[BlackElo "2082"]
[Annotator "NA"]
[PlyCount "88"]
[EventDate "2020.12.18"]
[EventType "tourn"]
[EventCountry "NET"]
[SourceTitle "playchess.com"]
[Source "ChessBase"]
[SourceQuality "1"]

1. e4 c5 2. Nf3 d6 3. d4 cxd4 4. Nxd4 Nf6 5. Nc3 a6 6. Be2 e5 7. Nb3 Be7 8. Bg5 Be6 9. Bxf6 Bxf6 10. Qd3 O-O 11. O-O-O Be7 12. g3 Nc6 13. a3 Rc8 14. Kb1 Kh8 15. f4 f5 16. Qe3 Bxb3 17. cxb3 Nd4 18. Ka2 Bf6 19. Nd5 Rc2 20. Rd2 exf4 21. gxf4 Rxd2 22. Qxd2 fxe4 23. Rd1 b5 24. Nxf6 Nxe2 25. Qxe2 Qxf6 26. Qxe4 h6 27. Qc6 Qxf4 28. Qxd6 Qxd6 29. Rxd6 Rf6 30. Rd2 Kh7 31. b4 Kg6 32. Kb3 Kh5 33. a4 Rf3+ 34. Kc2 bxa4 35. Rd5+ g5 36. Ra5 Rf2+ 37. Kc3 Rxh2 38. Rxa6 Rf2 39. b5 g4 40. b6 Rf8 41. b7 Rb8 42. Ra5+ Kh4 43. Rb5 g3 44. Rb6 Kg4 0-1

[Event "EOBCC 2020"]
[Site "Online"]
[Date "2020.12.18"]
[Round "9.1"]
[White "Wojtaszek, Radoslaw"]
[Black "Demidov, Mikhail"]
[Result "1-0"]
[WhiteElo "2705"]
[BlackElo "2526"]
[Annotator "ChessBase"]
[PlyCount "95"]
[EventDate "2020.12.18"]
[EventType "tourn"]
[EventCountry "NET"]
[SourceTitle "playchess.com"]
[Source "ChessBase"]
[SourceQuality "1"]

1. d4 e6 2. c4 Bb4+ 3. Bd2 Qe7 4. g3 Nf6 5. Bg2 O-O 6. e3 Bxd2+ 7. Qxd2 d6 8. Nc3 e5 9. Nge2 Re8 10. h3 c6 11. g4 h6 12. Ng3 Na6 13. Rd1 Be6 14. b3 Rad8 15. d5 cxd5 16. Nxd5 Nxd5 17. Bxd5 Nc5 18. O-O b6 19. Qc2 a5 20. Rd2 Bxd5 21. Rxd5 g6 22. Rfd1 Rd7 23. a3 Red8 24. Ne4 Nxe4 25. Qxe4 Qe6 26. Rb5 Rb8 27. Qc6 h5 28. Rxe5 Qxe5 29. Qxd7 hxg4 30. hxg4 a4 31. bxa4 Qe4 32. Rd4 Qb1+ 33. Kg2 Kg7 34. Qxd6 Re8 35. Rf4 Kg8 36. Qd7 Rf8 37. Qb5 Qc1 38. Qxb6 Qxa3 39. Qb5 Qd3 40. Qd5 Qa3 41. a5 Qa4 42. g5 Qa1 43. Rf6 Qb1 44. a6 Qb2 45. Rxg6+ Kh7 46. Rh6+ Kg8 47. Qd4 Qxd4 48. exd4 1-0

[Event "EOBCC 2020"]
[Site "Online"]
[Date "2020.12.18"]
[Round "9.2"]
[White "Bluebaum, Matthias"]
[Black "Hovhannisyan, Robert"]
[Result "0-1"]
[WhiteElo "2672"]
[BlackElo "2642"]
[Annotator "ChessBase"]
[PlyCount "94"]
[EventDate "2020.12.18"]
[EventType "tourn"]
[EventCountry "NET"]
[SourceTitle "playchess.com"]
[Source "ChessBase"]
[SourceQuality "1"]

1. d4 d5 2. c4 c6 3. Nc3 Nf6 4. e3 e6 5. Nf3 Nbd7 6. Be2 Bd6 7. O-O O-O 8. a4 a5 9. Qc2 Qe7 10. Rd1 b6 11. e4 dxe4 12. Nxe4 Nxe4 13. Qxe4 Bb7 14. Bf4 Nf6 15. Qe3 Bxf4 16. Qxf4 c5 17. Ne5 Rad8 18. Qe3 Qc7 19. dxc5 bxc5 20. f3 h6 21. Rxd8 Rxd8 22. Rd1 Rxd1+ 23. Bxd1 Nd7 24. Nd3 Qd6 25. f4 e5 26. fxe5 Nxe5 27. Qxe5 Qxd3 28. Be2 Qe4 29. Qxe4 Bxe4 30. Bd1 f5 31. Kf2 Kf7 32. g3 Kf6 33. h4 g5 34. hxg5+ hxg5 35. Ke3 Ke5 36. Bh5 f4+ 37. gxf4+ gxf4+ 38. Kd2 Kd4 39. b3 Bg2 40. Ke2 Kc3 41. Kf2 Be4 42. Bd1 Kd2 43. Bh5 Kc2 44. b4 cxb4 45. c5 b3 46. Bf3 Bxf3 47. Kxf3 b2 0-1

[Event "EOBCC 2020"]
[Site "Online"]
[Date "2020.12.18"]
[Round "9.5"]
[White "Onischuk, Vladimir"]
[Black "Sarana, Alexey"]
[Result "1-0"]
[WhiteElo "2633"]
[BlackElo "2636"]
[Annotator "ChessBase"]
[PlyCount "129"]
[EventDate "2020.12.18"]
[EventType "tourn"]
[EventCountry "NET"]
[SourceTitle "playchess.com"]
[Source "ChessBase"]
[SourceQuality "1"]

1. e4 c5 2. Ne2 d6 3. g3 g6 4. Bg2 Bg7 5. O-O Nc6 6. c3 e5 7. Na3 Nge7 8. Nc2 O-O 9. d4 exd4 10. cxd4 cxd4 11. Nexd4 d5 12. exd5 Nxd5 13. Nxc6 bxc6 14. Nd4 Bb7 15. Nb3 Re8 16. Nc5 Bc8 17. Qa4 Qd6 18. Ne4 Qc7 19. Bd2 Bf5 20. Ba5 Qd7 21. Rad1 Bxb2 22. Nc3 Bxc3 23. Bxd5 cxd5 24. Qxd7 Bxd7 25. Bxc3 Rac8 26. Bd4 a6 27. Rfe1 Be6 28. Rd2 g5 29. f3 h6 30. Kf2 Kh7 31. g4 Rc4 32. h4 gxh4 33. Rh1 Rec8 34. Rxh4 Rc2 35. Rxc2 Rxc2+ 36. Kg3 Rxa2 37. Be3 a5 38. Rxh6+ Kg7 39. g5 Ra4 40. Bf4 Kf8 41. Be5 Ke7 42. Rh8 Rc4 43. Ra8 a4 44. Ra7+ Kd8 45. Ra6 Kc8 46. g6 fxg6 47. Rxe6 d4 48. Rd6 a3 49. Rxd4 Rc5 50. Re4 a2 51. Bh8 Rc1 52. Ra4 Rh1 53. Bg7 Rg1+ 54. Kf2 Rg5 55. Rxa2 Kd7 56. Re2 Rf5 57. Bd4 Rf4 58. Re4 Rf5 59. Kg3 Rd5 60. Kg4 Rb5 61. f4 Rd5 62. Be5 Ke6 63. Kg5 Kf7 64. Rc4 Rd7 65. Rc7 1-0

[Event "EOBCC 2020"]
[Site "Online"]
[Date "2020.12.18"]
[Round "9.6"]
[White "Indjic, Aleksandar"]
[Black "Yilmaz, Mustafa"]
[Result "1-0"]
[WhiteElo "2604"]
[BlackElo "2630"]
[Annotator "ChessBase"]
[PlyCount "101"]
[EventDate "2020.12.18"]
[EventType "tourn"]
[EventCountry "NET"]
[SourceTitle "playchess.com"]
[Source "ChessBase"]
[SourceQuality "1"]

1. d4 Nf6 2. c4 e6 3. Nc3 Bb4 4. Qc2 O-O 5. e4 d5 6. Bg5 dxe4 7. Nge2 c5 8. O-O-O Bxc3 9. Qxc3 Nbd7 10. dxc5 Qc7 11. Ng3 Qxc5 12. Be3 Qc7 13. Be2 b6 14. Rd2 Bb7 15. Rhd1 Rac8 16. Kb1 Rfe8 17. Nh5 Bc6 18. Rxd7 Bxd7 19. Nxf6+ gxf6 20. Qxf6 Qd8 21. Qh6 f6 22. g4 Qe7 23. g5 f5 24. g6 Qg7 25. gxh7+ Kh8 26. Qxg7+ Kxg7 27. Rxd7+ Kg6 28. h4 e5 29. Bg5 Rh8 30. Rxa7 Rxh7 31. h5+ Rxh5 32. Bxh5+ Kxg5 33. Be2 f4 34. Re7 f3 35. Bd1 Rh8 36. Rxe5+ Kf4 37. Rd5 Rh1 38. Kc2 Rf1 39. Rd2 Ke5 40. a4 Rh1 41. b4 Rh8 42. Kc3 Rh1 43. b5 Rh8 44. c5 bxc5 45. a5 Rb8 46. Kc4 Kf4 47. Bxf3 Kxf3 48. b6 Re8 49. a6 e3 50. fxe3 Kxe3 51. Ra2 1-0

[Event "EOBCC 2020"]
[Site "Online"]
[Date "2020.12.18"]
[Round "9.7"]
[White "Pantsulaia, Levan"]
[Black "Petrosyan, Manuel"]
[Result "1-0"]
[WhiteElo "2553"]
[BlackElo "2628"]
[Annotator "TA"]
[PlyCount "63"]
[EventDate "2020.12.18"]
[EventType "tourn"]
[EventCountry "NET"]
[SourceTitle "playchess.com"]
[Source "ChessBase"]
[SourceQuality "1"]

1. g3 e5 2. Bg2 d5 3. c4 c6 4. cxd5 cxd5 5. d4 e4 6. Nh3 h6 7. O-O Nf6 8. Nc3 Be7 9. Nf4 g5 10. Nh3 Be6 11. f3 exf3 12. exf3 Nc6 13. Be3 Qd7 14. Nf2 O-O 15. Qd2 Bf5 16. g4 Bg6 17. h4 gxh4 18. Bxh6 Rfe8 19. Bg5 Nh7 20. Bxe7 Qxe7 21. f4 Be4 22. Nfxe4 dxe4 23. Bxe4 Rad8 24. d5 Nf6 25. Bf3 Qc5+ 26. Kh1 Nd4 27. Rad1 Nxf3 28. Rxf3 Nxd5 29. Rd3 Qc4 30. Nxd5 Rxd5 31. Rxd5 Re2 32. Rd8+ 1-0

[Event "EOBCC 2020"]
[Site "Online"]
[Date "2020.12.18"]
[Round "9.8"]
[White "Wagner, Dennis"]
[Black "Jones, Gawain C B"]
[Result "0-1"]
[WhiteElo "2581"]
[BlackElo "2670"]
[Annotator "ChessBase"]
[PlyCount "132"]
[EventDate "2020.12.18"]
[EventType "tourn"]
[EventCountry "NET"]
[SourceTitle "playchess.com"]
[Source "ChessBase"]
[SourceQuality "1"]

1. d4 Nf6 2. c4 g6 3. Nc3 Bg7 4. e4 d6 5. Nf3 O-O 6. Be2 Nbd7 7. O-O e5 8. Be3 Qe7 9. Qc2 c6 10. Rad1 h6 11. Rfe1 Ng4 12. Bc1 exd4 13. Nxd4 Nxf2 14. Kxf2 Qh4+ 15. Kf1 Bxd4 16. Rxd4 Qf6+ 17. Bf3 Qxd4 18. Bxh6 Re8 19. Rd1 Qxc4+ 20. Be2 Qc5 21. Qd2 Nf6 22. Qxd6 Qxd6 23. Rxd6 Nxe4 24. Nxe4 Rxe4 25. Rd8+ Kh7 26. Bf3 b6 27. Kf2 Rb4 28. Bc1 Rc4 29. Be3 Bb7 30. Rd7 Ba6 31. Rxf7+ Kg8 32. Rd7 Re8 33. Bd4 Bc8 34. Rd6 Re6 35. Rd8+ Kf7 36. Bc3 Re8 37. Rd6 Re6 38. Rd8 Bb7 39. Kg3 b5 40. a3 Re7 41. Rd6 c5 42. Rf6+ Ke8 43. Bxb7 Rxb7 44. Rxg6 Re7 45. h4 b4 46. axb4 cxb4 47. Bh8 Re3+ 48. Kf2 Rd3 49. h5 Rc2+ 50. Kg1 Rd1+ 51. Kh2 Rd5 52. h6 Rh5+ 53. Kg3 Kf7 54. Rf6+ Kg8 55. Bg7 Kh7 56. Kg4 Rh2 57. g3 Rxb2 58. Rf8 Rbc2 59. Kg5 Rc5+ 60. Kf6 Rf2+ 61. Ke6 Rxf8 62. Bxf8 b3 63. Bg7 Rc2 64. g4 b2 65. g5 b1=Q 66. Kf7 Rc7+ 0-1

[Event "EOBCC 2020"]
[Site "Online"]
[Date "2020.12.18"]
[Round "9.9"]
[White "Gumularz, Szymon"]
[Black "Navara, David"]
[Result "0-1"]
[WhiteElo "2516"]
[BlackElo "2697"]
[Annotator "TA"]
[PlyCount "112"]
[EventDate "2020.12.18"]
[EventType "tourn"]
[EventCountry "NET"]
[SourceTitle "playchess.com"]
[Source "ChessBase"]
[SourceQuality "1"]

1. e4 c5 2. c3 Nf6 3. e5 Nd5 4. Nf3 Nc6 5. Bc4 Nb6 6. Bb3 g6 7. d4 cxd4 8. cxd4 Bg7 9. O-O d6 10. exd6 Qxd6 11. d5 Na5 12. Nc3 O-O 13. Re1 Bg4 14. h3 Bxf3 15. Qxf3 Nxb3 16. axb3 a6 17. Bf4 Qb4 18. Na2 Qb5 19. Rad1 Rfe8 20. Bg5 Rad8 21. Nc3 Bxc3 22. bxc3 Rxd5 23. c4 Rxd1 24. cxb5 Rxe1+ 25. Kh2 axb5 26. Qxb7 Nc8 27. Qd7 Nd6 28. Bf4 Re6 29. Bxd6 exd6 30. Qxb5 h5 31. Qd5 Rb8 32. h4 Rf6 33. Kg1 Rf4 34. g3 Rfb4 35. Qxd6 Rxb3 36. Kg2 Re8 37. Qd7 Reb8 38. Qd4 R3b5 39. Qd6 Rf8 40. Qd7 Rf5 41. Qc7 Ra8 42. Qc2 Ra3 43. Qe2 Kh7 44. Qd1 Ra2 45. Qe1 Rfxf2+ 46. Qxf2 Rxf2+ 47. Kxf2 Kg7 48. Kf3 Kf6 49. Kf4 Ke6 50. Ke4 f6 51. Kf4 Kd5 52. Kf3 Kd4 53. Kf4 Kd3 54. Kf3 g5 55. hxg5 fxg5 56. Kf2 g4 0-1

[Event "EOBCC 2020"]
[Site "Online"]
[Date "2020.12.18"]
[Round "9.10"]
[White "Cheparinov, Ivan"]
[Black "Khanin, Semen"]
[Result "1-0"]
[WhiteElo "2688"]
[BlackElo "2511"]
[Annotator "TA"]
[PlyCount "87"]
[EventDate "2020.12.18"]
[EventType "tourn"]
[EventCountry "NET"]
[SourceTitle "playchess.com"]
[Source "ChessBase"]
[SourceQuality "1"]

1. Nf3 Nf6 2. c4 e6 3. g3 a6 4. e3 d5 5. b3 Be7 6. Bb2 O-O 7. Bg2 c5 8. O-O Nc6 9. cxd5 Nxd5 10. d4 cxd4 11. Nxd4 Nxd4 12. Qxd4 Bf6 13. Qd2 Bd7 14. Na3 Bc6 15. Rfd1 Bxb2 16. Qxb2 Qe7 17. Nc4 Rfd8 18. e4 Nc7 19. Na5 e5 20. Nxc6 bxc6 21. Rac1 Rxd1+ 22. Rxd1 Nb5 23. f4 Nd4 24. fxe5 Rd8 25. Qf2 Qxe5 26. Kh1 c5 27. Qf4 Qe7 28. Bf1 a5 29. Bc4 Ne6 30. Rxd8+ Qxd8 31. Bxe6 Qd1+ 32. Kg2 Qe2+ 33. Kh3 fxe6 34. Qb8+ Kf7 35. Qc7+ Kg6 36. Qxc5 Qxe4 37. Qxa5 Qf3 38. Qe5 Kf7 39. Qf4+ Qxf4 40. gxf4 h6 41. Kg4 Kf6 42. h4 e5 43. fxe5+ Kxe5 44. h5 1-0

[Event "EOBCC 2020"]
[Site "Online"]
[Date "2020.12.18"]
[Round "9.11"]
[White "Can, Isik"]
[Black "Ponkratov, Pavel"]
[Result "1-0"]
[WhiteElo "2380"]
[BlackElo "2625"]
[Annotator "ChessBase"]
[PlyCount "77"]
[EventDate "2020.12.18"]
[EventType "tourn"]
[EventCountry "NET"]
[SourceTitle "playchess.com"]
[Source "ChessBase"]
[SourceQuality "1"]

1. e4 e5 2. Nf3 Nc6 3. Bb5 a6 4. Bxc6 dxc6 5. O-O Ne7 6. Nxe5 Qd4 7. Qh5 g6 8. Nf3 Qxe4 9. Nc3 Qf5 10. Qh4 f6 11. Re1 Bd7 12. Ne4 Bg7 13. d3 h5 14. Qg3 O-O-O 15. Bf4 Nd5 16. Bxc7 h4 17. Nxh4 Qh5 18. Bxd8 Qxh4 19. Nd6+ Kxd8 20. Nxb7+ Kc8 21. Nd6+ Kb8 22. Qxh4 Rxh4 23. c4 Bf8 24. Ne4 Nc7 25. Nxf6 Bf5 26. Rad1 Kb7 27. Ne8 Bb4 28. Re3 Bc5 29. d4 Bxd4 30. Re7 Bb6 31. c5 Ba5 32. a3 Bc2 33. Rdd7 Rc4 34. Nxc7 Kc8 35. Ne6 Bf5 36. Rd1 Rc2 37. Re8+ Kb7 38. Rd7+ Bc7 39. Rxc7# 1-0

[Event "EOBCC 2020"]
[Site "Online"]
[Date "2020.12.18"]
[Round "9.12"]
[White "Safarli, Eltaj"]
[Black "Suleymanli, Aydin"]
[Result "1-0"]
[WhiteElo "2598"]
[BlackElo "2512"]
[Annotator "ChessBase"]
[PlyCount "121"]
[EventDate "2020.12.18"]
[EventType "tourn"]
[EventCountry "NET"]
[SourceTitle "playchess.com"]
[Source "ChessBase"]
[SourceQuality "1"]

1. e4 c6 2. d4 d5 3. exd5 cxd5 4. c4 e6 5. Nc3 Nf6 6. Nf3 Be7 7. cxd5 Nxd5 8. Bd3 Nc6 9. O-O O-O 10. Re1 Bf6 11. Be4 b6 12. Nxd5 exd5 13. Bxh7+ Kxh7 14. Qc2+ Kg8 15. Qxc6 Bg4 16. Ne5 Rc8 17. Qb5 Bxe5 18. Rxe5 Be6 19. Qd3 Qh4 20. Bg5 Qh7 21. Qg3 Rc4 22. Bf6 Qh6 23. Bg5 Qh7 24. h3 Qg6 25. Rd1 Rfc8 26. Kh2 Rc2 27. Rd2 Rxd2 28. Bxd2 Qxg3+ 29. Kxg3 Rc2 30. Bc3 Kf8 31. Kf3 Ke7 32. g4 f6 33. Re1 Kd7 34. h4 Bf7 35. h5 b5 36. a3 Bg8 37. Kg3 Bh7 38. Bb4 Rc7 39. Re7+ Kc6 40. Rxc7+ Kxc7 41. Bf8 g6 42. h6 Kd7 43. f4 Ke6 44. Bc5 a6 45. Kf3 f5 46. g5 Kf7 47. Ke3 Kg8 48. Kd3 Kh8 49. Kc3 Bg8 50. Kb4 Be6 51. Ka5 Bc8 52. Kb6 Kh7 53. b4 Kg8 54. Kc7 Be6 55. Kb7 Kh7 56. Kxa6 Bd7 57. a4 bxa4 58. b5 Bc8+ 59. Ka7 Bd7 60. b6 a3 61. Bxa3 1-0

[Event "EOBCC 2020"]
[Site "Online"]
[Date "2020.12.18"]
[Round "9.13"]
[White "Bogner, Sebastian"]
[Black "Krzyzanowski, Marcin"]
[Result "1-0"]
[WhiteElo "2577"]
[BlackElo "2503"]
[Annotator "ChessBase"]
[PlyCount "161"]
[EventDate "2020.12.18"]
[EventType "tourn"]
[EventCountry "NET"]
[SourceTitle "playchess.com"]
[Source "ChessBase"]
[SourceQuality "1"]

1. e4 e5 2. f4 d5 3. exd5 exf4 4. Bc4 Nf6 5. Nc3 c6 6. d4 cxd5 7. Bb3 Bb4 8. Bxf4 O-O 9. Nge2 Bg4 10. O-O Bxc3 11. bxc3 Ne4 12. Qd3 Nc6 13. Ng3 Re8 14. Rae1 Nxg3 15. Rxe8+ Qxe8 16. Qxg3 Be6 17. Ba4 Rc8 18. Be5 Qf8 19. Bd6 Qe8 20. Re1 Qd8 21. Re3 a6 22. h3 Ne7 23. Bxe7 Qxe7 24. Bb3 Qd7 25. Qe5 b5 26. Rg3 g6 27. h4 Qc7 28. Qe3 Qd8 29. h5 Qf6 30. Rf3 Qh4 31. h6 a5 32. Qe5 Qxh6 33. Bxd5 Bxd5 34. Qxd5 Qc1+ 35. Kh2 Rf8 36. Qxb5 Qxc2 37. Qxa5 Qd2 38. a4 h5 39. Qe5 Qa2 40. a5 Ra8 41. d5 Qxa5 42. c4 Qc5 43. Qf6 Ra7 44. Rf4 Rd7 45. Re4 Qc7+ 46. Kh1 Rd8 47. c5 Rf8 48. c6 Qa5 49. d6 Qd5 50. Qe5 Qxc6 51. Qe7 Qc1+ 52. Kh2 Qc5 53. d7 Qc7+ 54. Kh1 Qc1+ 55. Kh2 Qc7+ 56. Kh3 Qc3+ 57. g3 Qc6 58. Qxf8+ Kxf8 59. d8=Q+ Kg7 60. Qe7 Qc1 61. Qe5+ Kh7 62. Re1 Qc8+ 63. Kh2 Qc2+ 64. Qe2 Qc8 65. Rf1 Kg7 66. Qf3 Qe6 67. Qf4 Qa2+ 68. Rf2 Qe6 69. Qd4+ Kh7 70. Qf6 Qxf6 71. Rxf6 Kg7 72. Rf1 f5 73. Kg2 Kf6 74. Kf3 Kg5 75. Ra1 h4 76. gxh4+ Kxh4 77. Ra8 Kg5 78. Ra6 Kh5 79. Kf4 Kh6 80. Ra8 Kg7 81. Kg5 1-0

[Event "EOBCC 2020"]
[Site "Online"]
[Date "2020.12.18"]
[Round "9.14"]
[White "Sanal, Vahap"]
[Black "Pakleza, Zbigniew"]
[Result "1-0"]
[WhiteElo "2557"]
[BlackElo "2501"]
[Annotator "ChessBase"]
[PlyCount "63"]
[EventDate "2020.12.18"]
[EventType "tourn"]
[EventCountry "NET"]
[SourceTitle "playchess.com"]
[Source "ChessBase"]
[SourceQuality "1"]

1. e4 d6 2. d4 Nf6 3. Bd3 e5 4. c3 d5 5. dxe5 dxe4 6. Bb5+ c6 7. Qxd8+ Kxd8 8. exf6 cxb5 9. Bg5 Kc7 10. Nd2 Bf5 11. Ne2 gxf6 12. Bxf6 Rg8 13. Ng3 Nd7 14. Bd4 Bg6 15. O-O-O f5 16. Ne2 Bh5 17. f3 Bh6 18. Ng3 Bg6 19. Rhe1 Rae8 20. fxe4 f4 21. Nf5 Bxf5 22. exf5 Rxe1 23. Rxe1 Rxg2 24. Nf3 Bf8 25. Re8 b4 26. cxb4 Bxb4 27. f6 Rg6 28. f7 Rd6 29. a3 Rc6+ 30. Kb1 Bd6 31. Ne5 f3 32. Nxd7 1-0

[Event "EOBCC 2020"]
[Site "Online"]
[Date "2020.12.18"]
[Round "9.15"]
[White "Grigoriants, Sergey"]
[Black "Dourerassou, Jonathan"]
[Result "0-1"]
[WhiteElo "2546"]
[BlackElo "2477"]
[Annotator "ChessBase"]
[PlyCount "70"]
[EventDate "2020.12.18"]
[EventType "tourn"]
[EventCountry "NET"]
[SourceTitle "playchess.com"]
[Source "ChessBase"]
[SourceQuality "1"]

1. c4 e6 2. Nc3 d5 3. d4 Nf6 4. cxd5 exd5 5. Bg5 Be7 6. e3 c6 7. Bd3 Nbd7 8. Nf3 Nh5 9. Bxe7 Qxe7 10. Qc2 g6 11. O-O-O Nb6 12. h3 Be6 13. Kb1 O-O-O 14. Rc1 Kb8 15. Nd2 Rc8 16. Nb3 Nf6 17. Nc5 Nfd7 18. b4 Nxc5 19. bxc5 Nc4 20. Ka1 Ka8 21. Qa4 Rb8 22. Bxc4 dxc4 23. Ne4 Bd5 24. Nd6 b5 25. Qa6 Qf6 26. Rhd1 Rhd8 27. e4 Rxd6 28. e5 Qxf2 29. cxd6 b4 30. Rxc4 Qe2 31. Rdc1 b3 32. axb3 Rxb3 33. Qa2 Bxc4 34. d7 Rb8 35. Qxc4 Qb2# 0-1

[Event "EOBCC 2020"]
[Site "Online"]
[Date "2020.12.18"]
[Round "9.16"]
[White "Costachi, Mihnea"]
[Black "Tomczak, Jacek"]
[Result "1-0"]
[WhiteElo "2471"]
[BlackElo "2610"]
[Annotator "TA"]
[PlyCount "51"]
[EventDate "2020.12.18"]
[EventType "tourn"]
[EventCountry "NET"]
[SourceTitle "playchess.com"]
[Source "ChessBase"]
[SourceQuality "1"]

1. d4 Nf6 2. c4 g6 3. Nc3 d5 4. Nf3 Bg7 5. h4 c6 6. cxd5 cxd5 7. Bf4 Nc6 8. e3 a6 9. Qb3 h5 10. Ne5 Na5 11. Qb4 Ng4 12. Nxg4 Bxg4 13. Bd3 O-O 14. O-O Re8 15. Rac1 b5 16. Nxb5 e5 17. Bg5 f6 18. Nc7 fxg5 19. Nxa8 Qxa8 20. Qxa5 exd4 21. exd4 Bxd4 22. Rc7 gxh4 23. Bxg6 Rf8 24. Qd2 Bg7 25. Qg5 Kh8 26. Bxh5 1-0

[Event "EOBCC 2020"]
[Site "Online"]
[Date "2020.12.18"]
[Round "9.18"]
[White "Moranda, Wojciech"]
[Black "Smirnov, Pavel"]
[Result "1-0"]
[WhiteElo "2618"]
[BlackElo "2544"]
[Annotator "ChessBase"]
[PlyCount "55"]
[EventDate "2020.12.18"]
[EventType "tourn"]
[EventCountry "NET"]
[SourceTitle "playchess.com"]
[Source "ChessBase"]
[SourceQuality "1"]

1. d4 Nf6 2. c4 e6 3. Nf3 d5 4. Nc3 c6 5. e3 Nbd7 6. Bd3 dxc4 7. Bxc4 b5 8. Bd3 Bb7 9. O-O a6 10. e4 c5 11. d5 Qc7 12. dxe6 fxe6 13. Ng5 Qc6 14. Qe2 c4 15. Bc2 Bc5 16. b4 Bb6 17. Nd5 Bd4 18. Rb1 e5 19. Kh1 h6 20. Ne6 Kf7 21. Nc5 Nxc5 22. bxc5 Nxd5 23. exd5 Qxd5 24. f4 Rhf8 25. fxe5+ Kg8 26. Bf4 Rae8 27. Rbd1 Qxc5 28. Qg4 1-0

[Event "EOBCC 2020"]
[Site "Online"]
[Date "2020.12.18"]
[Round "9.19"]
[White "Stefansson, Hannes"]
[Black "Heimann, Andreas"]
[Result "1-0"]
[WhiteElo "2536"]
[BlackElo "2606"]
[Annotator "TA"]
[PlyCount "55"]
[EventDate "2020.12.18"]
[EventType "tourn"]
[EventCountry "NET"]
[SourceTitle "playchess.com"]
[Source "ChessBase"]
[SourceQuality "1"]

1. e4 c5 2. Nf3 d6 3. d4 cxd4 4. Nxd4 Nf6 5. Nc3 a6 6. g3 e5 7. Nde2 Be7 8. Bg2 Be6 9. O-O Nbd7 10. Nd5 Bxd5 11. exd5 h5 12. Bg5 Nf8 13. c4 N8h7 14. Bd2 h4 15. Qb3 Qc7 16. Rac1 hxg3 17. hxg3 Ng4 18. Qa4+ Kf8 19. c5 Nhf6 20. c6 b6 21. Bg5 Nh2 22. Rfd1 Nxd5 23. Bxe7+ Nxe7 24. Qa3 Rd8 25. Qxa6 d5 26. Qb7 Qd6 27. c7 Rc8 28. Rxd5 1-0

[Event "EOBCC 2020"]
[Site "Online"]
[Date "2020.12.18"]
[Round "9.20"]
[White "Banikas, Hristos"]
[Black "Livaic, Leon"]
[Result "1/2-1/2"]
[WhiteElo "2602"]
[BlackElo "2507"]
[Annotator "ChessBase"]
[PlyCount "133"]
[EventDate "2020.12.18"]
[EventType "tourn"]
[EventCountry "NET"]
[SourceTitle "playchess.com"]
[Source "ChessBase"]
[SourceQuality "1"]

1. d4 d5 2. c4 e6 3. Nf3 a6 4. e3 Nf6 5. b3 b6 6. Bb2 Bb7 7. Nbd2 Bd6 8. Bd3 Nbd7 9. O-O O-O 10. Qe2 Ne4 11. Rac1 f5 12. cxd5 exd5 13. Ne5 Bxe5 14. dxe5 Ndc5 15. b4 Nxd2 16. Qxd2 Ne6 17. a4 c5 18. bxc5 bxc5 19. Rfd1 Rc8 20. Bf1 f4 21. exf4 Nxf4 22. g3 Ne6 23. Bg2 Qd7 24. Bxd5 Rfd8 25. Bc4 Qxd2 26. Bxe6+ Kf8 27. Rxd2 Rxd2 28. Bxc8 Bxc8 29. Ba3 Bd7 30. Bxc5+ Kf7 31. a5 Bf5 32. f3 Rc2 33. Rxc2 Bxc2 34. Kf2 Ke6 35. Bd4 g6 36. Ke3 Kf5 37. g4+ Ke6 38. Kf4 Bd1 39. Bc3 Be2 40. h3 Bf1 41. Kg3 Be2 42. Kf2 Bd1 43. Ke3 Bb3 44. Ke4 Bc2+ 45. Kf4 Bd1 46. Bb2 Be2 47. Bc1 Bd1 48. Be3 Be2 49. Bb6 Bd1 50. Bd8 Be2 51. Bf6 Bd1 52. Kg5 Bxf3 53. Kh6 Bg2 54. h4 Bf3 55. Kxh7 Kf7 56. g5 Bh5 57. Kh6 Bg4 58. Bd8 Bh5 59. Bb6 Bg4 60. Kh7 Bh5 61. Bc5 Bg4 62. Bd4 Bh5 63. Be3 Bg4 64. Bf2 Bh5 65. e6+ Kxe6 66. Kg7 Kf5 67. Kh6 1/2-1/2

[Event "EOBCC 2020"]
[Site "Online"]
[Date "2020.12.18"]
[Round "9.21"]
[White "Kuzmicz, Krystian"]
[Black "Kollars, Dmitrij"]
[Result "0-1"]
[WhiteElo "2469"]
[BlackElo "2598"]
[Annotator "ChessBase"]
[PlyCount "92"]
[EventDate "2020.12.18"]
[EventType "tourn"]
[EventCountry "NET"]
[SourceTitle "playchess.com"]
[Source "ChessBase"]
[SourceQuality "1"]

1. e4 e5 2. Nf3 Nc6 3. Nc3 Nf6 4. a3 g6 5. Nxe5 Nxe5 6. d4 Nc6 7. d5 Bg7 8. dxc6 bxc6 9. Bc4 O-O 10. O-O Re8 11. Re1 d5 12. exd5 Rxe1+ 13. Qxe1 cxd5 14. Bd3 Rb8 15. Rb1 c5 16. Bf4 Rb6 17. Qe5 Bb7 18. Qc7 Qxc7 19. Bxc7 Re6 20. Bb8 c4 21. Bf1 Nd7 22. Bf4 Nb6 23. Rd1 Bc6 24. Be3 Rd6 25. Bxb6 axb6 26. Bxc4 Kf8 27. Bb3 Bxc3 28. bxc3 b5 29. c4 bxc4 30. Bxc4 Ke7 31. Bb3 Rd7 32. f3 Kf6 33. Kf2 Ke5 34. Ke3 g5 35. g3 d4+ 36. Kf2 Ra7 37. Re1+ Kd6 38. Rd1 Kc5 39. Re1 Rxa3 40. Re5+ Kb4 41. Bxf7 Rxf3+ 42. Ke2 Rxf7 43. Rxg5 Bb5+ 44. Kd2 Rf2+ 45. Kc1 Bc4 46. Re5 Kc3 0-1

[Event "EOBCC 2020"]
[Site "Online"]
[Date "2020.12.18"]
[Round "9.22"]
[White "Gajewski, Grzegorz"]
[Black "Karpus, Michal"]
[Result "1-0"]
[WhiteElo "2596"]
[BlackElo "2311"]
[Annotator "ChessBase"]
[PlyCount "67"]
[EventDate "2020.12.18"]
[EventType "tourn"]
[EventCountry "NET"]
[SourceTitle "playchess.com"]
[Source "ChessBase"]
[SourceQuality "1"]

1. e4 e5 2. Nf3 Nc6 3. Bc4 Nf6 4. d3 h6 5. c3 d6 6. Nbd2 g5 7. h3 Bg7 8. Bb3 O-O 9. Nf1 d5 10. Qe2 Re8 11. Ng3 a5 12. h4 g4 13. Nh2 a4 14. Bc2 b5 15. f3 gxf3 16. gxf3 a3 17. Rg1 axb2 18. Bxb2 Kh8 19. Qf2 b4 20. Bb3 bxc3 21. Bxc3 Nd4 22. Bxd4 exd4 23. Rc1 Qd6 24. Ne2 Ba6 25. Nxd4 dxe4 26. Rxg7 e3 27. Qg3 Qxd4 28. Rxf7 Qb4+ 29. Kf1 Bxd3+ 30. Kg2 Rg8 31. Rxf6 Rxg3+ 32. Kxg3 e2 33. Re6 Qd4 34. Ng4 1-0